Eneada Primera

Saved in:
Bibliografiske detaljer
Hovedforfatter: Plotino (Author)
Format: Bog
Sprog:spansk
Udgivet: Buenos Aires Aguilar Argentina S. A 1966
Udgivelse:4a. ed
Serier:Biblioteca de Iniciación Filosófica, 38
Fag:
Tags: Tilføj Tag
Ingen Tags, Vær først til at tagge denne postø!

MARC

LEADER 00000cam a2200000 a 4500
001 UCF7693
003 CL-VaPUC
008 130704e19660000AG |||||||||||||||||spa|d
082 0 4 |a 186.4  |b PLO  |2 21 
100 0 |a Plotino  |e author  |9 266516 
245 1 0 |a Eneada Primera 
250 |a 4a. ed 
300 |a 146 p 
942 |c BK 
945 |d 20130704 00:00:00  |a dcastane 
260 |a Buenos Aires  |b Aguilar Argentina S. A  |c 1966 
650 0 |a Neoplatonismo  |9 265877 
583 |a last modification  |c 20130704 11:43:00  |k Rodrigo Vera 
490 0 |a Biblioteca de Iniciación Filosófica, 38 
999 |c 352491  |d 352489 
952 |0 0  |1 0  |4 0  |6 186_400000000000000_PLO_1966  |7 0  |8 A  |9 457041  |a BIBART  |b BIBART  |d 2019-11-22  |i 4984730  |o 186.4 PLO 1966  |p 4984730  |r 2025-03-13  |w 2019-11-22  |y BK  |k ART